|
|
|
|
| LEADER |
00000nam0a2200000 4500 |
| 001 |
266790 |
| 005 |
20231101234030.0 |
| 020 |
|
|
|a RU
|b 86-70819
|
| 035 |
|
|
|a (RuTPU)RU\TPU\book\289810
|
| 090 |
|
|
|a 266790
|
| 100 |
|
|
|a 20140715d1986 m y0rusy5003 ca
|
| 101 |
0 |
|
|a rus
|
| 102 |
|
|
|a RU
|
| 105 |
|
|
|a y z 001zy
|
| 200 |
1 |
|
|a Земное солнце "термояда"
|f Б. Б. Кадомцев
|
| 210 |
|
|
|a Москва
|c Знание
|d 1986
|
| 215 |
|
|
|a 62 с.
|d 21 см
|
| 225 |
1 |
|
|a Библиотечка "Энергетическая программа СССР"
|
| 225 |
1 |
|
|a В помощь лектору
|
| 320 |
|
|
|a Библиогр.: с. 34 (11 назв.) , с. 59 (9 назв.).
|
| 423 |
|
|
|t Водород : надежды и проблемы
|f В. А. Легасов
|a Легасов, Валерий Алексеевич
|
| 606 |
1 |
|
|a Термоядерные реакции, управляемые
|2 stltpush
|3 (RuTPU)RU\TPU\subj\60002
|9 77493
|
| 610 |
1 |
|
|a управляемый термоядерный синтез
|
| 610 |
1 |
|
|a водород
|
| 610 |
1 |
|
|a топливоиспользование
|
| 610 |
1 |
|
|a водородная энергетика
|
| 675 |
|
|
|a 621.039.6
|z rus
|v 3
|
| 700 |
|
1 |
|a Кадомцев
|b Б. Б.
|g Борис Борисович
|4 070
|
| 801 |
|
0 |
|a RU
|b RuMRKP
|c 19950704
|g psbo
|
| 801 |
|
1 |
|a RU
|b 63413507
|c 20140715
|
| 801 |
|
2 |
|a RU
|b 63413507
|c 20150728
|g RCR
|
| 942 |
|
|
|c BK
|